00325nam a2200121Ia 4500008004100000041000800041082001200049100002600061245003400087260004400121300003100165365000700196240624s9999 xx 000 0 und d aeng a368 TRI aTRIPATHI NALINI PRAVA aINSURANCE THEORY AND PRACTICE c2005aNew DelhibPrentice-Hall of India axvi, : 236 : p. : cm. ; 26 cRS